Evaluación de proyectos (Registro nro. 4894)
[ vista simple ]
| 000 -LEADER | |
|---|---|
| fixed length control field | 01618 a2200241 4500 |
| 001 - CONTROL NUMBER | |
| control field | 49823 |
| 005 - DATE AND TIME OF LATEST TRANSACTION | |
| control field | 20260407155759.0 |
| 008 - FIXED-LENGTH DATA ELEMENTS--GENERAL INFORMATION | |
| fixed length control field | 260407a2000 arg spa d |
| 003 - CONTROL NUMBER IDENTIFIER | |
| control field | AR-UNSa-BCEJYS |
| 040 ## - CATALOGING SOURCE | |
| Original cataloging agency | AR-UNSa-BCEJYS |
| Language of cataloging | spa |
| Transcribing agency | AR-UNSa-BCEJYS |
| 080 ## - UNIVERSAL DECIMAL CLASSIFICATION NUMBER | |
| Universal Decimal Classification number | 658.16 |
| Common auxiliary subdivision | Reorganización financiera (Proyectos de inversión) |
| 020 ## - INTERNATIONAL STANDARD BOOK NUMBER | |
| International Standard Book Number | 956-278-116-X |
| 041 ## - LANGUAGE CODE | |
| Language code of text/sound track or separate title | spa |
| 100 1# - MAIN ENTRY--PERSONAL NAME | |
| Personal name | Sapag Puelma, José Manuel |
| 245 10 - TITLE STATEMENT | |
| Title | Evaluación de proyectos |
| Name of part/section of a work | Guía de ejercicios. Problemas y soluciones |
| 250 ## - EDITION STATEMENT | |
| Edition statement | 2a. ed. |
| 264 #1 - PRODUCTION, PUBLICATION, DISTRIBUTION, MANUFACTURE, AND COPYRIGHT NOTICE | |
| Place of production, publication, distribution, manufacture | Santiago : |
| Name of producer, publisher, distributor, manufacturer | McGraw-Hill |
| Date of production, publication, distribution, manufacture, or copyright notice | 2000 |
| 300 ## - PHYSICAL DESCRIPTION | |
| Extent | xvi, 354 p. |
| Dimensions | 23 cm. |
| 505 ## - FORMATTED CONTENTS NOTE | |
| Formatted contents note | 1. Matemáticas financieras – 2. Proyección de demanda – 3. Estudio de mercado – 4. Flujos de cajas proyectados – 5. Elección de alternativas tecnológicas y decisiones de reemplazo – 6. Decisiones de tamaño y ampliación – 7. Decisiones de localización – 8. Outsourcing – 9. Evaluación de proyectos puros – 10. Evaluación de proyectos financiados – 11. Análisis de sensibilidad – 12. Matemáticas financieras – 13. Proyección de demandas – 14. Estudios de mercado – 15. Flujos de caja proyectados – 16. Elección de alternativas tecnológicas y decisiones de reemplazo – 17. Decisiones de tamaño y ampliación – 18. Decisiones de localización – 19. Outsourcing – 20. Evaluación de proyectos puros – 21. Evaluación de proyectos financiados – 22. Análisis de sensibilidad. |
| 590 ## - LOCAL NOTE (RLIN) | |
| Local note | niveau_biblio:m niveau_hierar:0 |
| 856 41 - ELECTRONIC LOCATION AND ACCESS | |
| Uniform Resource Identifier | <a href="https://www.biblioeco.unsa.edu.ar/pmb/images/libros/L128201.jpg">https://www.biblioeco.unsa.edu.ar/pmb/images/libros/L128201.jpg</a> |
| Link text | Imagen de portada |
| Electronic format type | image/jpeg |
| 942 ## - ADDED ENTRY ELEMENTS (KOHA) | |
| Koha item type | |
| Withdrawn status | Lost status | Damaged status | Not for loan | Home library | Current library | Shelving location | Date acquired | Total checkouts | Full call number | Barcode | Date last seen | Price effective from | Koha item type |
|---|---|---|---|---|---|---|---|---|---|---|---|---|---|
| Biblioteca Prof. Eusebio Cleto del Rey | Biblioteca Prof. Eusebio Cleto del Rey | 07/04/2026 | 658.16 S242 2ed. | L128201 | 07/04/2026 | 07/04/2026 | Libro |